Дело о пожаловании его сиятельству графу Дмитрию Николаевичу Шереметеву ордена Святого Владимира 2-ой степени. Тут же и формуляр...

Доступно только в Электронных читальных залах Найти на картеНа карте
RUSMARC
00003937nmc2a22002533x 450
001df74d357-9ba9-43b4-a9a0-21a405e0bc51
00520230906123658.0
100##$a20230309l18711871k l0rusy0189 ca
1010#$arus
102##$aRU
105##$ay###
1222#$ad
2001#$aДело о пожаловании его сиятельству графу Дмитрию Николаевичу Шереметеву ордена Святого Владимира 2-ой степени. Тут же и формулярный о службе его список (копия) и сведения о количестве земли Д.Н. Шереметева по всем вотчинам
$j29 марта - 13 июля 1871 г.
215##$a27 л.
$d36,5х26 см
251##$cДело
300##$aГраф Дмитрий Николаевич Шереметев и его семья. Личные документы Д.Н. Шереметева и его детей
300##$aНа обложке указано: "По стр. дому"
371##$aДокумент не является опубликованным и широко распространяемым
461#0$100198b93a77-94f0-46bb-a7e0-b5027cc72a67
$12001
$aШереметевы, графы
$1251
$cФонд
$1852
$j1088
462#0$1001d3ce280e-361b-49f4-86d2-e1a120f828b4
$12001
$aЛичные документы, переписка и документы, связанные со служебной и общественной деятельностью графов Бориса Петровича, Петра Борисовича, Николая Петровича и Дмитрия Шереметевых
$1251
$cОпись
$1852
$j1
801#0$aRU
$bРГИА
$c20230309
$gRCR
801#1$aRU
$bГлавНИВЦ
$c20230309
$2rusmarc
801#2$aRU
$bПБ им. Б.Н. Ельцина
$c20230906
$gRCR
$2rusmarc
850##$aРГИА
852##$aРГИА
$eФедеральное казенное учреждение "Российский государственный исторический архив" (РГИА)
$j421
937##$hРГИА
$d12391507
$aASBIBLIO_SCAN
035##$aRusGRCC00059867
856##$uhttp://readingroom.main.prlib.ru/item.aspx?id_node=n187398529&mode=full
Формат отображения